| 000 | 01072cam a22003014a 4500 | ||
|---|---|---|---|
| 001 | 16516684 | ||
| 003 | SISC | ||
| 005 | 20170123140549.0 | ||
| 008 | 101025s2011 nyu b 001 0 eng | ||
| 010 | _a 2010045342 | ||
| 020 | _a9780470661062 (cloth : alk. paper) | ||
| 040 |
_aDLC _cDLC _dDLC |
||
| 050 | 0 | 0 |
_aHD 53 _b.A48 2011 |
| 082 | 0 | 0 | _a658.4/09 |
| 100 | 1 |
_aAnderson, Jamie, _d1971- |
|
| 245 | 1 | 4 |
_aThe fine art of success : _bhow learning great art can create great business / _cby Jamie Anderson, Jörg Reckenrich, and Martin Kupp. |
| 260 |
_aNew York : _bWiley, _c2011. |
||
| 300 |
_axviii, 180 pages : _billustrations ; _c24 cm. |
||
| 504 | _aIncludes bibliographical references and index. | ||
| 650 | 0 | _aCreative ability in business. | |
| 650 | 0 | _aMarketing. | |
| 650 | 0 | _aSuccess in business. | |
| 700 | 1 | _aReckenrich, Jörg. | |
| 700 | 1 | _aKupp, Martin. | |
| 906 |
_a7 _bcbc _corignew _d1 _eecip _f20 _gy-gencatlg |
||
| 942 |
_2lcc _cBK _kFOR |
||
| 999 |
_c275403 _d275403 |
||